[Event "Check!"]
[Site "SchemingMind.com"]
[Date "2010.05.20"]
[Round "-"]
[White "Kasker"]
[Black "Majoanis"]
[Result "1-0"]
[WhiteCountry "POL"]
[BlackCountry "CAN"]
[WhiteElo "2266"]
[WhiteRD "77"]
[BlackElo "1657"]
[BlackRD "133"]
[GameID "249479"]

1. e4 Nf6 2. e5 Nd5 3. d4 d6 4. Nf3 Bg4 5. Be2 c6 6. O-O Bxf3 7. Bxf3 dxe5 8. dxe5 e6 9. Qe2 Nd7 10. c4 Ne7
11. Bg4 h5 12. Bh3 Qc7 13. Re1 O-O-O 14. Nc3 Ng6 15. f4 Bb4 16. Be3 Bxc3 17. bxc3 Qa5 18. Qc2 Nc5 19. Rad1 Ne7 20. Rd6 g6
21. Red1 Nf5 22. Bxf5 gxf5 23. Bxc5 Qxc5+ 24. R6d4 b5 25. cxb5 Rxd4 26. Rxd4 Rd8 27. Qd2 cxb5 28. g3 b4 29. Kg2 Rxd4 30. cxd4 Qd5+
31. Kh3 a5 32. Qb2 Qb5 33. Kh4 a4 34. d5 Qxd5 35. Qc2+ Kd8 36. Qxa4 Qb7 37. Qb3 Qe7+ 38. Kxh5 f6 39. Qd1+ Kc8 40. Kg6 fxe5
41. fxe5 Qf8 42. Qd6 Qg8+ 43. Kf6
1-0

[Event "Check!"]
[Site "SchemingMind.com"]
[Date "2010.05.20"]
[Round "-"]
[White "Majoanis"]
[Black "Kasker"]
[Result "1-0"]
[WhiteCountry "CAN"]
[BlackCountry "POL"]
[WhiteElo "1657"]
[WhiteRD "133"]
[BlackElo "2266"]
[BlackRD "77"]
[GameID "249480"]

1. c4 Nf6 2. d4 e6 3. Nc3 c5 4. d5 exd5 5. cxd5 d6 6. g3 g6 7. Bg2 Bg7 8. Nf3 O-O 9. O-O Nbd7 10. Nd2 a6
11. a4 Re8 12. h3 Rb8 13. Nc4 Ne5 14. Na3 Nh5 15. e4 f5 16. exf5 Bxf5 17. g4 Bxg4 18. hxg4 Qh4 19. gxh5 Rf8 20. h6 Bxh6
21. Bxh6 Ng4 22. Qxg4 Qxg4 23. Bxf8 Rxf8 24. Ne4 Qe2 25. Nxd6 Qxb2 26. Nac4 Qd4 27. Rad1 Qf4 28. a5 h5 29. Rd3 h4 30. Rh3 Qd4
31. Ne3 g5 32. Ne4 Qe5= 33. Nxc5 Qe7 34. Ne4 Qd8 35. Ra1 Rf4 36. Ra4 Kg7 37. Rf3 Kg6 38. d6 Qe8 39. Rc4 b5 40. axb6 Qb5
41. Nc3 Qxb6 42. Rfxf4 gxf4 43. Rc6 Qd8 44. Nc4 Qg5 45. Ne4 Qd8 46. d7+ Kf7 47. Rc8
1-0

[Event "Check!"]
[Site "SchemingMind.com"]
[Date "2010.05.23"]
[Round "-"]
[White "kwabena"]
[Black "Majoanis"]
[Result "1/2-1/2"]
[WhiteCountry "ENG"]
[BlackCountry "CAN"]
[WhiteElo "1528"]
[WhiteRD "75"]
[BlackElo "1618"]
[BlackRD "124"]
[GameID "249679"]

1. d4 Nf6 2. Nf3 e6 3. Bf4 b6 4. e3 Bb7 5. Nbd2 d5 6. c4 Nbd7 7. Qa4 Be7 8. Qc2 O-O 9. a3 c5 10. cxd5 exd5
11. dxc5 bxc5 12. Bb5 Qb6 13. a4 a6 14. Bd3 Rac8 15. a5 Qa7 16. Qb1 Rfd8 17. O-O Nh5 18. Bg5 Bxg5 19. Nxg5 Nhf6 20. Nxh7 Nxh7
21. Bxh7+ Kh8 22. Bf5 Ba8 23. Rd1 Rb8 24. Nf3 Nf6 25. Ne5 Kg8 26. Qc2 Qc7 27. Nf3 Rb5 28. b4 Rxb4 29. Nd4 Rc4 30. Ne6 Qe5
31. Qxc4 fxe6 32. Bxe6+ Qxe6 33. Qxc5 Rc8 34. Qb6 Qxb6 35. axb6 Bb7 36. Rdc1 Ne8 37. Rxc8 Bxc8 38. Kf1 Kf7 39. Ke2 Ke6 40. Rb1 Bb7
41. f3 Nd6 42. Rc1 Nc4 43. Rb1 Kd6 44. Kd3 Kc5 45. h4 Nxb6 46. g4 Bc8 47. e4 dxe4+ 48. Kxe4 Nc4 49. Rc1 a5 50. g5 g6
51. f4 a4 52. h5 Bf5+ 53. Kf3 gxh5 54. Kg3 a3 55. Kh4 Bg6 56. f5 Bxf5 57. Kxh5 a2 58. Ra1 Bb1 59. g6 Ne3 60. g7 Nd5
61. Kg5 Ne7 62. Kf6 Kd6 63. Kf7 Kd7 64. g8=Q Nxg8 65. Kxg8 Kd6=
1/2-1/2

[Event "Check!"]
[Site "SchemingMind.com"]
[Date "2010.05.23"]
[Round "-"]
[White "kwabena"]
[Black "Kasker"]
[Result "0-1"]
[WhiteCountry "ENG"]
[BlackCountry "POL"]
[WhiteElo "1468"]
[WhiteRD "72"]
[BlackElo "2296"]
[BlackRD "83"]
[GameID "249680"]

1. d4 Nf6 2. Nf3 d5 3. h3 e6 4. Bf4 Bd6 5. Bxd6 cxd6 6. e3 Qb6 7. Qc1 O-O 8. Nc3 e5 9. a3 Nc6 10. Nb5 a6
11. Nxd6 exd4 12. Nxc8 Raxc8 13. exd4 Rfe8+ 14. Be2 Nxd4 15. Nxd4 Qxd4 16. c3 Qd3 17. Qd2 Rxe2+ 18. Qxe2 Re8 19. Qxe8+ Nxe8 20. f3 Nd6
21. Kf2 Qd2+ 22. Kg3 Nf5+ 23. Kh2 Nh4
0-1

[Event "Check!"]
[Site "SchemingMind.com"]
[Date "2010.05.23"]
[Round "-"]
[White "Majoanis"]
[Black "kwabena"]
[Result "0-1"]
[WhiteCountry "CAN"]
[BlackCountry "ENG"]
[WhiteElo "1657"]
[WhiteRD "133"]
[BlackElo "1527"]
[BlackRD "72"]
[GameID "249681"]

1. g3 d5 2. Bg2 Bf5 3. c4 c6 4. Nf3 dxc4 5. Na3 e6 6. Nxc4 Nf6 7. O-O h6 8. d4 Qc7 9. Bf4 Qd8 10. Rc1 Nbd7
11. a3 Nd5 12. Bd6 Be7 13. Re1 O-O 14. e4 Bxe4 15. Rxe4 N7f6 16. Bxe7 Qxe7 17. Re1 b5 18. Nce5 c5 19. dxc5 Rac8 20. b4 Rfd8
21. Qb3 a6 22. Red1 Qc7 23. Nd3 Re8 24. Nfe5 a5 25. Re1 a4 26. Qb2 Red8 27. Rcd1 Ne7 28. Qe2 Nf5 29. Qa2 Nd4 30. c6 Nd5
31. Bxd5 Rxd5 32. Nf4 Rxe5 33. Kf1 Rxe1+ 34. Kxe1 Nf3+ 35. Ke2 Qxc6 36. Qb1 Nxh2 37. Qd3 Qc4 38. Qxc4 Rxc4 39. Rd8+ Kh7 40. Rb8 Rc3
41. Rxb5 Rxa3 42. Rb7 e5 43. Nd3 f6 44. b5 Ra2+ 45. Ke1 a3 46. b6 Ra1+ 47. Ke2 Rb1 48. Ra7 Rxb6 49. Rxa3 Ng4 50. f3 Nh2
51. Kf2 Rb1 52. Ne1 Rb2+ 53. Kg1 Re2
0-1

[Event "Check!"]
[Site "SchemingMind.com"]
[Date "2010.05.23"]
[Round "-"]
[White "Kasker"]
[Black "kwabena"]
[Result "1-0"]
[WhiteCountry "POL"]
[BlackCountry "ENG"]
[WhiteElo "2283"]
[WhiteRD "86"]
[BlackElo "1489"]
[BlackRD "74"]
[GameID "249682"]

1. e4 d5 2. exd5 Qxd5 3. Nc3 Qa5 4. d4 a6 5. Nf3 e6 6. Ne5 Bd6 7. Nc4 Qf5 8. Bd3 Qf6 9. O-O Qe7 10. Ne4 b5
11. Nexd6+ cxd6 12. Nb6 Bb7 13. Nxa8 Bxa8 14. a4 Qb7 15. Qg4 g6 16. axb5 Nf6 17. bxa6 Qc6 18. a7 Nbd7 19. Qf3 d5 20. Bh6 Rg8
21. Ra6 Qb7 22. Qf4 Qxb2 23. Qc7 Ke7 24. Qd6+ Kd8 25. Bg5 Qxd4 26. Bb5 Ke8 27. Bxd7+ Nxd7 28. Qe7#
1-0

[Event "Check!"]
[Site "SchemingMind.com"]
[Date "2010.05.23"]
[Round "-"]
[White "janez"]
[Black "Majoanis"]
[Result "0-1"]
[WhiteCountry "SLO"]
[BlackCountry "CAN"]
[WhiteElo "1445"]
[WhiteRD "74"]
[BlackElo "1657"]
[BlackRD "133"]
[GameID "249685"]

1. e4 d6 2. d3 e5 3. Nf3 Nc6 4. a3 Nf6 5. h3 Be7 6. Be2 d5 7. exd5 Nxd5 8. O-O O-O 9. c4 Nf6 10. b4 Re8
11. Bb2 Bf8 12. b5 Nd4 13. Re1 Nxe2+ 14. Rxe2 e4 15. Nfd2 exd3
0-1

[Event "Check!"]
[Site "SchemingMind.com"]
[Date "2010.05.23"]
[Round "-"]
[White "janez"]
[Black "kwabena"]
[Result "0-1"]
[WhiteCountry "SLO"]
[BlackCountry "ENG"]
[WhiteElo "1445"]
[WhiteRD "74"]
[BlackElo "1527"]
[BlackRD "72"]
[GameID "249686"]

1. e4 d5 2. e5 a6 3. d4 Bf5 4. Nf3 e6 5. Be2 c5 6. O-O Nc6 7. c3 h6 8. Be3 Qb6 9. b3 cxd4 10. cxd4 Nge7
11. Nc3 Bg4 12. h3 Bxf3 13. Bxf3 Nf5 14. Na4 Qa7 15. Nc5 Bxc5 16. dxc5 Nxe3 17. fxe3 Qxc5 18. Qd2 Nxe5 19. Rac1 Nxf3+ 20. Rxf3 Qe7
21. Qd4 O-O 22. Rg3 f6 23. b4 Qd6 24. Qg4 Qe7 25. a3 e5 26. Rc5 Rad8 27. a4 Rf7 28. Qf3 d4 29. exd4 Rxd4 30. Rc8+ Rf8
31. Rxf8+ Kxf8 32. Kh2 Rxb4
0-1

[Event "Check!"]
[Site "SchemingMind.com"]
[Date "2010.05.23"]
[Round "-"]
[White "janez"]
[Black "Kasker"]
[Result "0-1"]
[WhiteCountry "SLO"]
[BlackCountry "POL"]
[WhiteElo "1445"]
[WhiteRD "74"]
[BlackElo "2266"]
[BlackRD "77"]
[GameID "249687"]

1. e4 c5 2. Bc4 a6 3. a3 e6 4. Nf3 b5 5. Ba2 Bb7 6. d3 d5 7. Nbd2 dxe4 8. dxe4 Ne7 9. O-O Ng6 10. Re1 Nc6
11. c3 Be7 12. h3 O-O 13. Qc2 Nce5 14. Nxe5 Nxe5 15. Rd1 Qc7 16. Nf1 c4 17. Bb1 Rad8 18. Bd2 f5 19. exf5 Qc6 20. Ne3 Rd3
21. fxe6 Bc5 22. Kh1 Bxe3 23. f3 Rxf3 24. Bxe3 Rxh3+ 25. Kg1 Rxd1+
0-1

[Event "Check!"]
[Site "SchemingMind.com"]
[Date "2010.05.28"]
[Round "-"]
[White "Majoanis"]
[Black "janez"]
[Result "1-0"]
[WhiteCountry "CAN"]
[BlackCountry "SLO"]
[WhiteElo "1657"]
[WhiteRD "133"]
[BlackElo "1445"]
[BlackRD "74"]
[GameID "249688"]

1. Nf3 d5 2. b3 Nc6 3. Bb2 f6 4. d4 e6 5. e3 Qd6 6. c4 dxc4 7. Bxc4 Bd7 8. O-O O-O-O 9. Nc3 a6 10. a4 g5
11. a5 g4 12. Nd2 h5 13. Nde4 Qe7 14. Qe2
1-0

[Event "Check!"]
[Site "SchemingMind.com"]
[Date "2010.05.23"]
[Round "-"]
[White "kwabena"]
[Black "janez"]
[Result "1-0"]
[WhiteCountry "ENG"]
[BlackCountry "SLO"]
[WhiteElo "1527"]
[WhiteRD "72"]
[BlackElo "1445"]
[BlackRD "74"]
[GameID "249689"]

1. d4 e6 2. Bf4 d5 3. e3 Nc6 4. a3 Nge7 5. Nc3 a6 6. Nf3 Ng6 7. Bg5 Be7 8. Bxe7 Qxe7 9. Be2 O-O 10. O-O b5
11. Bd3 b4 12. axb4 Nxb4 13. Bxg6 fxg6 14. Na4 a5 15. Nc5 Ra7 16. c3 Nc6 17. b4 axb4 18. Rxa7 Nxa7 19. cxb4 g5 20. Ne5 c6
21. Qa4 Qc7 22. Qd1 Qb6 23. Qb3 Qb5 24. Ra1 Qb6 25. Ncd7 Bxd7 26. Nxd7 Qb7 27. Nxf8 Kxf8 28. g3 h5 29. Qa4 Nb5 30. Qa8+ Qxa8
31. Rxa8+ Kf7 32. Ra6
1-0

[Event "Check!"]
[Site "SchemingMind.com"]
[Date "2010.05.28"]
[Round "-"]
[White "Kasker"]
[Black "janez"]
[Result "1-0"]
[WhiteCountry "POL"]
[BlackCountry "SLO"]
[WhiteElo "2255"]
[WhiteRD "79"]
[BlackElo "1599"]
[BlackRD "86"]
[GameID "249690"]

1. e4 e5 2. Nf3 Nf6 3. Nxe5 Qe7 4. Nf3 Qxe4+ 5. Be2 Bc5 6. Nc3 Qg6 7. O-O O-O 8. d4 Bb6 9. Nh4 Qxg2+ 10. Kxg2 Nc6
11. Be3 d5 12. Na4 Bd7 13. c3 a6 14. Nxb6 cxb6 15. Bd3 b5 16. Rg1 g6 17. Qf3 Be6 18. Qxf6 b4 19. Bh6 bxc3 20. Qg7#
1-0

[Event "Check!"]
[Site "SchemingMind.com"]
[Date "2010.05.23"]
[Round "-"]
[White "Quanah4"]
[Black "Majoanis"]
[Result "1-0"]
[WhiteCountry "USA"]
[BlackCountry "CAN"]
[WhiteElo "1650"]
[WhiteRD "80"]
[BlackElo "1410"]
[BlackRD "81"]
[GameID "249771"]

1. e4 Nf6 2. d3 d5 3. exd5 Nxd5 4. Nf3 Nc6 5. g3 g6 6. Bg2 Bg7 7. Nbd2 O-O 8. O-O Nb6 9. h3 e5 10. Re1 Re8
11. b3 e4 12. Rb1 exf3 13. Nxf3 Bd7 14. Bb2 Bxb2 15. Rxb2 Rxe1+ 16. Qxe1 Qf6 17. Rb1 Re8 18. Qd2 a6 19. c3 a5 20. a4 Bxh3
21. Bh1 Bg4 22. Nh2 Bd7 23. f4 Qe7 24. Nf3 Qe3+ 25. Qxe3 Rxe3 26. Rd1 Bg4 27. Rd2 Bxf3 28. Bxf3 Rxf3 29. Kg2 Re3 30. Kf2 Re8
31. g4 Kg7 32. g5 h5 33. Kf3 f6 34. Rg2 f5 35. Rf2 Kf7 36. Rd2 Nd5 37. c4 Ndb4 38. d4
1-0

[Event "Check!"]
[Site "SchemingMind.com"]
[Date "2010.05.23"]
[Round "-"]
[White "Quanah4"]
[Black "kwabena"]
[Result "0-1"]
[WhiteCountry "USA"]
[BlackCountry "ENG"]
[WhiteElo "1597"]
[WhiteRD "77"]
[BlackElo "1527"]
[BlackRD "72"]
[GameID "249772"]

1. e4 d5 2. exd5 Qxd5 3. Nf3 Qa5 4. g3 Bf5 5. Bg2 Qb6 6. O-O e6 7. d3 Nf6 8. b3 Nc6 9. Be3 Bc5 10. d4 Nxd4
11. Nxd4 Rd8 12. c3 e5 13. b4 exd4 14. bxc5 Qb2 15. Bxd4 Qxa1 16. Qe2+ Be6 17. Na3 Qxa2 18. Qxa2 Bxa2 19. Re1+ Be6 20. Bh3 O-O
21. Bxe6 fxe6 22. Rxe6 a6 23. Re1 Nd5 24. Nc4 Rde8 25. Rb1 Rb8 26. Na5 b6 27. Nc6 Rb7 28. Na5 Rbb8 29. Nc4 bxc5 30. Rxb8 cxd4
31. Rxf8+ Kxf8 32. cxd4 Ke7 33. Kf1 Nc3 34. Ke1 Nb5 35. Kd2 Nxd4 36. Ke3 Nb3 37. Na3 Kd6 38. f4 Kd5 39. h4 c5 40. Kd3 Nc1+
41. Kd2 Nb3+ 42. Kc3 Na5 43. Nc2 Ke4 44. f5 Kxf5 45. Ne3+ Ke4 46. Kd2 h5 47. Nf1 Nc4+ 48. Kc3 Ne5 49. Kd2 a5 50. Ke2 a4
51. Nd2+ Kd4 52. Nb1 Kc4
0-1

[Event "Check!"]
[Site "SchemingMind.com"]
[Date "2010.05.28"]
[Round "-"]
[White "Quanah4"]
[Black "janez"]
[Result "1-0"]
[WhiteCountry "USA"]
[BlackCountry "SLO"]
[WhiteElo "1597"]
[WhiteRD "77"]
[BlackElo "1445"]
[BlackRD "74"]
[GameID "249773"]

1. e4 e5 2. Nf3 Nf6 3. d3 d6 4. g3 Be7 5. Bg2 O-O 6. Nbd2 Nc6 7. O-O b6 8. b3 Bb7 9. Bb2 h6 10. c4 Nb4
11. Qe2 a5 12. a3 Na6 13. Rad1 Nc5 14. d4 exd4 15. Nxd4 Qd7 16. b4 axb4 17. axb4 Na6 18. Bc3 Nb8 19. N2f3 Nxe4 20. Bb2 Ra2
21. Ra1 Rxa1 22. Rxa1 c5 23. Nc2 Nf6 24. b5
1-0

[Event "Check!"]
[Site "SchemingMind.com"]
[Date "2010.05.23"]
[Round "-"]
[White "Quanah4"]
[Black "Kasker"]
[Result "0-1"]
[WhiteCountry "USA"]
[BlackCountry "POL"]
[WhiteElo "1604"]
[WhiteRD "81"]
[BlackElo "2255"]
[BlackRD "79"]
[GameID "249774"]

1. e4 c5 2. Nf3 a6 3. g3 Nc6 4. d3 e6 5. Nbd2 d5 6. exd5 exd5 7. Qe2+ Be7 8. Bg2 Nf6 9. O-O O-O 10. b3 Re8
11. Bb2 Bf5 12. Rfe1 Qd7 13. Nh4 Bg4 14. Nhf3 Bd8 15. Qd1 Ba5 16. c3 d4 17. c4 Rxe1+ 18. Qxe1 Re8 19. Qc1 Qf5 20. h3 Bxh3
21. Nh4 Qxd3 22. Nhf3 Bxg2 23. Kxg2 Re2 24. Nf1 Ng4 25. Qd1 Qe4 26. Rb1 Rxf2+ 27. Kg1 Rxf3 28. Qe2 Qxe2
0-1

[Event "Check!"]
[Site "SchemingMind.com"]
[Date "2010.05.23"]
[Round "-"]
[White "Majoanis"]
[Black "Quanah4"]
[Result "0-1"]
[WhiteCountry "CAN"]
[BlackCountry "USA"]
[WhiteElo "1410"]
[WhiteRD "81"]
[BlackElo "1650"]
[BlackRD "80"]
[GameID "249775"]

1. c4 c5 2. Nc3 g6 3. g3 Bg7 4. Bg2 e6 5. e3 Ne7 6. Nge2 O-O 7. O-O d5 8. cxd5 exd5 9. d4 cxd4 10. Nxd4 Nbc6
11. Nxc6 bxc6 12. Bd2 Bb7 13. Rc1 Qc7 14. b4 a6 15. Nxd5 Nxd5 16. Bxd5 Rad8 17. Bg2 f5 18. Qb3+ Qf7 19. Qxf7+ Rxf7 20. Bc3 Rfd7
21. Bxg7 Kxg7 22. Bxc6 Bxc6 23. Rxc6 Rd6 24. Rfc1 Rxc6 25. Rxc6 Ra8 26. a4 h5 27. h4 Kf7 28. Kg2 Ke7 29. Rxg6 Kf7 30. Rb6 Ke7
31. b5 axb5 32. axb5 Kd7 33. Rh6 Ra5 34. b6 Rb5
0-1

[Event "Check!"]
[Site "SchemingMind.com"]
[Date "2010.05.24"]
[Round "-"]
[White "kwabena"]
[Black "Quanah4"]
[Result "0-1"]
[WhiteCountry "ENG"]
[BlackCountry "USA"]
[WhiteElo "1489"]
[WhiteRD "74"]
[BlackElo "1589"]
[BlackRD "81"]
[GameID "249776"]

1. d4 d5 2. Nc3 e6 3. Nf3 Nf6 4. Bf4 c5 5. e3 cxd4 6. Nxd4 Nc6 7. Ndb5 e5 8. Bg3 a6 9. Na3 Bxa3 10. bxa3 O-O
11. Bh4 Be6 12. Be2 Rc8 13. Bxf6 Qxf6 14. Nxd5 Bxd5 15. O-O Rfd8 16. Qc1 b5 17. Qb2 Qe7 18. a4 Rb8 19. axb5 axb5 20. Rfd1 Bc4
21. Bxc4 bxc4 22. Rxd8+ Qxd8 23. Qc3 Qd5 24. g3 f6 25. h4 h5 26. a4 g6 27. a5 Ra8 28. a6 Qb5 29. Qd2 Rxa6 30. Rxa6 Qxa6
31. Qd6 Kf7 32. Qd7+ Ne7 33. Qd2 Qc6 34. Qb4 f5 35. Qa5 e4 36. Kf1 Qd5 37. Qa7 Qd1+ 38. Kg2 Qxc2 39. Qd4 Qd3
0-1

[Event "Check!"]
[Site "SchemingMind.com"]
[Date "2010.05.28"]
[Round "-"]
[White "janez"]
[Black "Quanah4"]
[Result "0-1"]
[WhiteCountry "SLO"]
[BlackCountry "USA"]
[WhiteElo "1445"]
[WhiteRD "74"]
[BlackElo "1597"]
[BlackRD "77"]
[GameID "249777"]

1. e4 c5 2. d3 g6 3. d4 cxd4 4. Qxd4 Nf6 5. e5 Nc6 6. Qf4 Nd5 7. Qd2 e6 8. Nf3 Bg7 9. Bc4 Nb6 10. Bb3 Nxe5
11. Nxe5 Bxe5 12. O-O O-O 13. Re1 Bg7 14. c3 d5 15. a4 a5 16. Na3 Bd7 17. Nc2 Bc6 18. Nd4 Rc8 19. Nf3 Re8 20. h3 e5
21. Bc2 e4 22. Nh2 Nc4 23. Qd1 Nb6 24. Bb3 h5
0-1

[Event "Check!"]
[Site "SchemingMind.com"]
[Date "2010.05.24"]
[Round "-"]
[White "Kasker"]
[Black "Quanah4"]
[Result "1-0"]
[WhiteCountry "POL"]
[BlackCountry "USA"]
[WhiteElo "2255"]
[WhiteRD "79"]
[BlackElo "1604"]
[BlackRD "81"]
[GameID "249778"]

1. e4 c5 2. Nf3 g6 3. d4 cxd4 4. Qxd4 Nf6 5. Bb5 Bg7 6. e5 Nh5 7. g4 Nf6 8. exf6 Bxf6 9. Qa4 a6 10. Nc3 Nc6
11. Nd5 Bg7 12. Be3 axb5 13. Qxa8 Qa5+ 14. Qxa5 Nxa5 15. Bd4 f6 16. Nc7+ Kd8 17. Nxb5 Nc6 18. O-O-O e5 19. Bb6+ Ke7 20. Nd6 Rf8
21. Bc5 Kd8 22. Nxc8 Kxc8 23. Bxf8 Bxf8 24. Rhe1 Bc5 25. g5 Bxf2 26. gxf6 Bxe1 27. Rxe1 Nd8 28. Rxe5 Ne6 29. f7 Kd8 30. Rxe6 dxe6
31. f8=Q+ Kc7 32. Kd2 b6 33. Kd3
1-0

[Event "Check!"]
[Site "SchemingMind.com"]
[Date "2010.05.24"]
[Round "-"]
[White "norlavuaram"]
[Black "Quanah4"]
[Result "1-0"]
[WhiteCountry "PER"]
[BlackCountry "USA"]
[WhiteElo "1751"]
[WhiteRD "92"]
[BlackElo "1604"]
[BlackRD "81"]
[GameID "249806"]

1. e4 c5 2. Nf3 g6 3. d4 cxd4 4. Nxd4 Bg7 5. Be3 e6 6. c4 Ne7 7. Nc3 a6 8. Be2 O-O 9. O-O b6 10. Qd2 Bb7
11. Rac1 d5 12. cxd5 exd5 13. exd5 Nxd5 14. Nxd5 Bxd5 15. a3 Nd7 16. Nc6 Qe8 17. Qxd5 Rd8 18. Nxd8 Qxd8 19. Rfd1 Bf6 20. Qxd7 Qxd7
21. Rxd7 Bxb2 22. Rcc7 b5 23. Bc5 Rb8 24. Rxf7 Be5 25. Rb7 Rc8 26. Bb4 Rf8 27. Rxf8#
1-0

[Event "Check!"]
[Site "SchemingMind.com"]
[Date "2010.05.23"]
[Round "-"]
[White "norlavuaram"]
[Black "Majoanis"]
[Result "1-0"]
[WhiteCountry "PER"]
[BlackCountry "CAN"]
[WhiteElo "1792"]
[WhiteRD "90"]
[BlackElo "1657"]
[BlackRD "133"]
[GameID "249807"]

1. e4 e5 2. Nf3 Nc6 3. Bb5 a6 4. Ba4 Nf6 5. O-O Be7 6. Re1 b5 7. Bb3 d6 8. h3 O-O 9. c3 Nb8 10. d4 Nbd7
11. Nbd2 Bb7 12. d5 c6 13. Nf1 cxd5 14. exd5 Nb6 15. Ne3 Re8 16. Nh2 Bf8 17. Nhg4 Nbd7 18. Nf5 Qc7 19. Bg5 Nxg4 20. Qxg4
1-0

[Event "Check!"]
[Site "SchemingMind.com"]
[Date "2010.05.24"]
[Round "-"]
[White "norlavuaram"]
[Black "kwabena"]
[Result "1-0"]
[WhiteCountry "PER"]
[BlackCountry "ENG"]
[WhiteElo "1716"]
[WhiteRD "94"]
[BlackElo "1489"]
[BlackRD "74"]
[GameID "249808"]

1. e4 d5 2. exd5 Qxd5 3. Nc3 Qa5 4. d4 Nf6 5. Nf3 Bf5 6. Bc4 e6 7. O-O h6 8. Re1 c6 9. a3 Qc7 10. d5 cxd5
11. Bb5+ Nbd7 12. Nxd5 Qa5 13. b4 Bxb4 14. Nxf6+ gxf6 15. Qxd7+ Kf8 16. axb4 Qb6 17. Be3 Qd8 18. Bc5+ Kg7 19. Rxa7 Qxd7 20. Bxd7 Rxa7
21. Bxa7 Bxc2 22. Bb5 b6 23. Rc1 Be4 24. Rc7 Ra8 25. h3 Kg6 26. Nd4 f5 27. Nc6 Bxc6 28. Bxc6
1-0

[Event "Check!"]
[Site "SchemingMind.com"]
[Date "2010.05.28"]
[Round "-"]
[White "norlavuaram"]
[Black "janez"]
[Result "1-0"]
[WhiteCountry "PER"]
[BlackCountry "SLO"]
[WhiteElo "1810"]
[WhiteRD "92"]
[BlackElo "1441"]
[BlackRD "80"]
[GameID "249809"]

1. e4 e5 2. Nf3 d6 3. d4 Nd7 4. Bc4 Ngf6 5. Ng5 d5 6. exd5 Nb6 7. Bb5+ Bd7 8. Bxd7+ Nfxd7 9. dxe5 Nxe5 10. O-O Be7
11. Ne4 Qxd5 12. Nbc3 Qxd1 13. Rxd1 O-O 14. Bf4 f6 15. Nd5 Nxd5 16. Rxd5 Rad8 17. Rad1
1-0

[Event "Check!"]
[Site "SchemingMind.com"]
[Date "2010.05.24"]
[Round "-"]
[White "norlavuaram"]
[Black "Kasker"]
[Result "0-1"]
[WhiteCountry "PER"]
[BlackCountry "POL"]
[WhiteElo "1716"]
[WhiteRD "94"]
[BlackElo "2283"]
[BlackRD "86"]
[GameID "249810"]

1. e4 c5 2. Nf3 a6 3. d4 cxd4 4. Nxd4 Nf6 5. Nc3 e5 6. Nf3 Bb4 7. Bd3 d5 8. O-O Bxc3 9. bxc3 dxe4 10. Nxe5 exd3
11. cxd3 O-O 12. d4 Nc6 13. Nd3 Qa5 14. Bd2 Ne4 15. Nb4 Nxb4 16. cxb4 Qb6 17. Be3 Qxb4 18. Qc2 Bf5 19. Qe2 Nc3 20. Qh5 Bd3
21. Rfe1 Qb2 22. h3 Bg6 23. Qf3 Nb1
0-1

[Event "Check!"]
[Site "SchemingMind.com"]
[Date "2010.05.24"]
[Round "-"]
[White "Quanah4"]
[Black "norlavuaram"]
[Result "0-1"]
[WhiteCountry "USA"]
[BlackCountry "PER"]
[WhiteElo "1597"]
[WhiteRD "77"]
[BlackElo "1792"]
[BlackRD "90"]
[GameID "249811"]

1. Nf3 Nf6 2. d3 g6 3. g3 Bg7 4. e4 O-O 5. Bg2 c5 6. O-O Nc6 7. Nbd2 d6 8. Re1 Bd7 9. c3 Rc8 10. Qc2 b5
11. b3 a5 12. a4 b4 13. c4 e6 14. Bb2 Ne7 15. e5 dxe5 16. Nxe5 Nf5 17. Nef3 Bc6 18. Rad1 Qc7 19. g4 Nd6 20. h3 Rfd8
21. d4 cxd4 22. Bxd4 Qb7 23. Nh4 Bxg2 24. Nxg2 Nfe8 25. Bxg7 Kxg7 26. Nf4 Nf6 27. Nf3 Qxf3 28. Qc1 Nde4 29. Rxd8 Qxf2+ 30. Kh1 Ng3#
0-1

[Event "Check!"]
[Site "SchemingMind.com"]
[Date "2010.05.24"]
[Round "-"]
[White "Majoanis"]
[Black "norlavuaram"]
[Result "0-1"]
[WhiteCountry "CAN"]
[BlackCountry "PER"]
[WhiteElo "1618"]
[WhiteRD "124"]
[BlackElo "1810"]
[BlackRD "92"]
[GameID "249812"]

1. d4 Nf6 2. c4 c5 3. d5 b5 4. cxb5 a6 5. bxa6 Bxa6 6. Nc3 g6 7. Nf3 Bg7 8. g3 O-O 9. Bg2 d6 10. O-O Nbd7
11. h3 Qc7 12. Re1 Rfb8 13. e4 Ne8 14. Nd2 c4 15. Bf1 Nc5 16. Qf3 Bd4 17. Qd1 Nd3 18. Bxd3 cxd3 19. Nb3 Ba7 20. Be3 Bc4
21. Bxa7 Rxa7 22. Qd2 Nf6 23. Kg2 Bxb3 24. axb3 Rxa1 25. Rxa1 Rxb3 26. Ra2 Qb7 27. Qxd3 Rxb2 28. Rxb2 Qxb2 29. Qc4= Kg7 30. Qd3 Qb4
31. Qe3 Qc4 32. Qf3 Qd4 33. Qe3 Qxe3 34. fxe3 Nd7
0-1

[Event "Check!"]
[Site "SchemingMind.com"]
[Date "2010.05.24"]
[Round "-"]
[White "kwabena"]
[Black "norlavuaram"]
[Result "0-1"]
[WhiteCountry "ENG"]
[BlackCountry "PER"]
[WhiteElo "1527"]
[WhiteRD "72"]
[BlackElo "1792"]
[BlackRD "90"]
[GameID "249813"]

1. d4 Nf6 2. Nf3 g6 3. Bf4 Bg7 4. h3 O-O 5. e3 c5 6. c3 b6 7. a3 Bb7 8. Be2 d6 9. O-O Nbd7 10. Qc2 Rc8
11. dxc5 Nxc5 12. Nbd2 Ne6 13. Bh2 Qc7 14. Qb3 Nc5 15. Qb4 Nd5 16. Qg4 f5 17. Qg3 e5 18. Rad1 f4 19. exf4 Nxf4 20. Rfe1 Ncd3
21. Bxd3 Nxd3 22. Re3 Nf4 23. Ne4 Rcd8 24. Rde1 Nh5 25. Qh4 Bxe4 26. Qxe4 Nf6 27. Qc2 Nd5 28. Re4 Nf6 29. R4e2 Rfe8 30. Qa4 Nd7
31. Rc1 Nc5 32. Qd1 Qb7 33. b4 Ne6 34. Qb3 Kh8 35. Rd2 e4 36. Ne1 d5 37. c4 d4 38. f3 e3 39. Rd3 Ng5 40. c5 bxc5
41. Rxc5 Ne6 42. Rc4 a5 43. Nc2 axb4 44. Rxb4 Qa6 45. Rb6 Nc5 46. Rxa6 Nxb3 47. Rxb3 d3 48. Nb4 d2
0-1

[Event "Check!"]
[Site "SchemingMind.com"]
[Date "2010.05.28"]
[Round "-"]
[White "janez"]
[Black "norlavuaram"]
[Result "0-1"]
[WhiteCountry "SLO"]
[BlackCountry "PER"]
[WhiteElo "1445"]
[WhiteRD "74"]
[BlackElo "1792"]
[BlackRD "90"]
[GameID "249814"]

1. e4 e5 2. Nf3 Nc6 3. Bb5 a6 4. Bxc6 dxc6 5. d3 Bg4 6. h3 Bh5 7. O-O f6 8. Nbd2 Bd6 9. c4 Ne7 10. Qc2 c5
11. a3 O-O 12. Qb3 b6 13. a4 Qd7 14. a5 b5 15. cxb5+ Bf7 16. Qd1 axb5
0-1

[Event "Check!"]
[Site "SchemingMind.com"]
[Date "2010.05.24"]
[Round "-"]
[White "Kasker"]
[Black "norlavuaram"]
[Result "1-0"]
[WhiteCountry "POL"]
[BlackCountry "PER"]
[WhiteElo "2255"]
[WhiteRD "79"]
[BlackElo "1751"]
[BlackRD "92"]
[GameID "249815"]

1. e4 e5 2. Nf3 Nc6 3. Bb5 a6 4. Ba4 Nf6 5. O-O Be7 6. Re1 b5 7. Bb3 O-O 8. c3 d6 9. h3 Nb8 10. d4 Nbd7
11. Nbd2 c5 12. a4 Bb7 13. Bc2 Qc7 14. d5 Rac8 15. c4 b4 16. a5 Rfe8 17. Nf1 Bf8 18. Ng3 g6 19. Be3 Bg7 20. Qd2 Nf8
21. Bh6 Bh8 22. Qg5 Qd8 23. Ba4 Re7 24. Nh4 Rec7 25. Nhf5 Rb8 26. Nxd6 Qxd6 27. Nf5 Qd8 28. d6 Rd7 29. Bxd7 Qxd7 30. Ne7+
1-0